Metalcore vocalist - Statistics

General Stats
  • This quiz has been taken 37 times
  • The average score is 10 of 40
Answer Stats
Picture Answer % Correct
Oliver Sykes
71%
Courtney LaPlante
68%
Noah Sebastian
61%
Caleb Shomo
54%
Sam Carter
50%
Howard Jones
46%
Danny Worsnop
39%
Spencer Charnas
39%
Chris Cerulli
36%
Matthew Heafy
36%
Winston McCall
36%
Bryan Garris
32%
Matty Mullins
32%
Florent Salfati
29%
Jeremy McKinnon
29%
Jesse Leach
29%
Matthew Tuck
29%
Tim Lambesis
29%
Austin Carlile
25%
Joel Birch
21%
Beau Bokan
18%
Brian Burkheiser
18%
Philip Labonte
18%
Spencer Chamberlain
18%
Cullen Moore
14%
Jamie Hails
14%
Alex Taylor
11%
Briton Bond
11%
Daniel Winter-Bates
11%
Lawrence Taylor
11%
Mike Hranica
11%
Jake Luhrs
7%
Levi Benton
7%
Scott Kennedy
7%
Sean Harmanis
7%
Tyler Smith
7%
Alex Varkatzas
4%
Dave Stephens
4%
Jonathan Vigil
4%
Rudi Schwarzer
4%
No matching quizzes found
Score Distribution
Percent of People with Each Score
Percentile by Number Answered
Your Score History
You have not taken this quiz